000 00564nam a22001817a 4500
005 20251108164957.0
008 250721s9999 xx 000 0 ara d
082 1 4 _a657.46/جلا
100 1 _aإبراهيم، جلال مطاوع
245 1 0 _aمحاسبة ضريبية 2 /
264 1 _aالقاهره :
_bجامعة القاهره - التعليم المفتوح،
_c[19-].
300 _a464ص
650 1 7 _aالمحاسبة
650 1 7 _aمحاسبة الضرائب
700 1 _aأبو الفتح، علي شتا
942 _2ddc
_cBK
999 _c18895
_d18895